000 01332cam a2200361 i 4500
001 24607
003 Mx-PuUPA
005 20250908113906.0
008 140415s2007 mx gr 001 0 spa d
020 _a9681213017
040 _cMx-PuUPA
_aMx-PuUPA
_bspa
_dMx-PuUPA
_erda
041 0 _aspa
043 _as-ag---
245 0 0 _aArgentina, 1976 :
_bestudios en torno al golpe de estado /
_cClaudia E. Lida, Horacio Crespon, Pablo Yankelevich, compiladores
250 _aPrimera edición
264 _aMéxico, D.F. :
_bEl Colegio de México, Centro de Estudios Históricos,
_c2007
300 _a287 páginas ;
_c22 cm
336 _2rdacontent
_atexto
_btxt
337 _2rdamedia
_asin medio
_bn
338 _2rdacarrier
_avolumen
_bnc
650 7 _2armarc
_aDictadura
_zArgentina
_xHistoria
_ySiglo XX
651 4 _aArgentina
_xHistoria
_xGolpe de Estado, 1976
651 4 _aArgentina
_xPolítica y gobierno
_y1955-1983
700 1 _aLida, Clara E.,
_ecompilador
700 1 _aCrespo, Horacio,
_ecompilador
700 1 _aYankelevich, Pablo,
_ecompilador
942 _2ddc
_cLI
_h982.06
_iA68
999 _c24607
_d24607